Situación de los acuerdos de paz en materia socio-económica

Guardado en:
Bibliografiske detaljer
Format: Texto
Fag:
Tags: Tilføj Tag
Ingen Tags, Vær først til at tagge denne postø!

MARC

LEADER 00000 a a2200000 04500
001 5916
003
040
245 |a Situación de los acuerdos de paz en materia socio-económica  
650 |a PAZ  
650 |a PLANES DE PAZ  
650 |a PARTIDOS POLITICOS  
650 |a LEGISLACION  
650 |a AJUSTE ESTRUCTURAL  
650 |a BID  
650 |a SECTOR PRIVADO  
773 |g volumen 15, número 644; páginas 9-10  
999 |c 33800  |d 33800